| 000 | 00572nam a22001457a 4500 | ||
|---|---|---|---|
| 999 |
_c515809 _d515809 |
||
| 008 | 210208b ||||| |||| 00| 0 eng d | ||
| 100 |
_aDas, Ishita _924126 |
||
| 245 | _aThe need for implementing a cross-border insolvency regime within the insolvency and bankruptcy code, 2016 | ||
| 260 | _aVikalpa: The Journal for Decision Makers | ||
| 300 | _a45(2), Apr-Jun, 2020: p.104-114 | ||
| 650 |
_aCross-border, Bankruptcy, Insolvency, IBC, Uncitral model law _921832 |
||
| 773 | _aVikalpa: The Journal for Decision Makers | ||
| 906 | _aBANKRUPTCY - INDIA | ||
| 942 | _cAR | ||